Christ's fulfillment of Torah and temple : (Record no. 119925)
[ view plain ]
| 000 -LEADER | |
|---|---|
| fixed length control field | 01428cam a22003134a 4500 |
| 001 - CONTROL NUMBER | |
| control field | 12641577 |
| 003 - CONTROL NUMBER IDENTIFIER | |
| control field | ARRUPE |
| 005 - DATE AND TIME OF LATEST TRANSACTION | |
| control field | 20140204170828.0 |
| 008 - FIXED-LENGTH DATA ELEMENTS--GENERAL INFORMATION | |
| fixed length control field | 020111s2002 inu b 001 0 eng |
| 010 ## - LIBRARY OF CONGRESS CONTROL NUMBER | |
| LC control number | 2002000263 |
| 020 ## - INTERNATIONAL STANDARD BOOK NUMBER | |
| International Standard Book Number | 0268022720 (alk. paper) |
| 020 ## - INTERNATIONAL STANDARD BOOK NUMBER | |
| International Standard Book Number | 0268022739 (pbk. : alk. paper) |
| 040 ## - CATALOGING SOURCE | |
| Original cataloging agency | DLC |
| Transcribing agency | DLC |
| Modifying agency | DLC |
| 042 ## - AUTHENTICATION CODE | |
| Authentication code | pcc |
| 050 00 - LIBRARY OF CONGRESS CALL NUMBER | |
| Classification number | BT755 |
| Item number | .L48 2002 |
| 082 00 - DEWEY DECIMAL CLASSIFICATION NUMBER | |
| Classification number | 234 |
| Edition number | 21 |
| 300 ## - PHYSICAL DESCRIPTION | |
| Dimensions | 24 cm. |
| 100 1# - MAIN ENTRY--PERSONAL NAME | |
| Personal name | Levering, Matthew, |
| Dates associated with a name | 1971- |
| 9 (RLIN) | 7893 |
| 245 10 - TITLE STATEMENT | |
| Title | Christ's fulfillment of Torah and temple : |
| Remainder of title | salvation according to Thomas Aquinas / |
| Statement of responsibility, etc | Matthew Levering. |
| 260 ## - PUBLICATION, DISTRIBUTION, ETC. (IMPRINT) | |
| Place of publication, distribution, etc | Notre Dame, Ind. : |
| Name of publisher, distributor, etc | University of Notre Dame Press, |
| Date of publication, distribution, etc | c2002. |
| 300 ## - PHYSICAL DESCRIPTION | |
| Extent | viii, 254 p. ; |
| 504 ## - BIBLIOGRAPHY, ETC. NOTE | |
| Bibliography, etc | Includes bibliographical references (p. 207-236) and index. |
| 505 0# - FORMATTED CONTENTS NOTE | |
| Formatted contents note | The fulfillment of Israel's Torah -- Divine law and divine pedagogy -- Incarnate wisdom in Israel -- The cross of Jesus Christ -- The fulfillment of Israel's temple -- To the image of the Firstborn Son -- Israel, the church, and the mystical body of Christ -- The heavenly Jerusalem. |
| 600 00 - SUBJECT ADDED ENTRY--PERSONAL NAME | |
| Personal name | Thomas, |
| Titles and other words associated with a name | Aquinas, Saint, |
| Dates associated with a name | 1225?-1274. |
| 9 (RLIN) | 7894 |
| 610 20 - SUBJECT ADDED ENTRY--CORPORATE NAME | |
| Corporate name or jurisdiction name as entry element | Catholic Church |
| General subdivision | Doctrines. |
| 9 (RLIN) | 7895 |
| 650 #0 - SUBJECT ADDED ENTRY--TOPICAL TERM | |
| Topical term or geographic name as entry element | Salvation. |
| 9 (RLIN) | 7896 |
| 906 ## - LOCAL DATA ELEMENT F, LDF (RLIN) | |
| a | 7 |
| b | cbc |
| c | orignew |
| d | 1 |
| e | ecip |
| f | 20 |
| g | y-gencatlg |
| 942 ## - ADDED ENTRY ELEMENTS (KOHA) | |
| Source of classification or shelving scheme | Library of Congress Classification |
| Koha item type | Monograph ( Printed materials) |
| Withdrawn status | Lost status | Source of classification or shelving scheme | Damaged status | Not for loan | Collection code | Home library | Current library | Shelving location | Date acquired | Total Checkouts | Full call number | Barcode | Date last seen | Price effective from | Koha item type |
|---|---|---|---|---|---|---|---|---|---|---|---|---|---|---|---|
| Library of Congress Classification | Main Collection | ARRUPE LIBRARY | ARRUPE LIBRARY | Main Collection | 04/02/2014 | BT755 .L48 2002 | 46412016 | 01/12/2016 | 04/02/2014 | Monograph ( Printed materials) |